Statistics for Characters In Percy Jackson

Click here to take the quiz!

General Stats

  • This quiz has been taken 481 times
  • The average score is 13 of 15

Answer Stats

Hint Answer % Correct
satyrgrover
100%
the main characterpercy jackson
99%
athena's daughterannabeth
99%
percy's half-brothertyson
99%
head of the hermes cabinluke
97%
percy's pegasusblackjack
91%
percy's dad (roman form)neptune
90%
ares's daughterclarisse
90%
the centaurchiron
89%
zeus's daughterthalia
88%
percy's momsally jackson
87%
the main bad guykronos
85%
author of the percy jackson seriesrick riordan
84%
the first bookthe lightning thief
76%
head of the aphrodite cabinsilena
65%

Score Distribution

Percentile by Number Answered

Percent of People with Each Score

Your Score History

You have not taken this quiz